LEADER 00866nam a2200217 i 4500 001 000000223815 003 CaOOAMICUS 005 20131021000000.0 008 131021s1799 it u000 u lat u 013 $a202713 026 $a16d. a.ia n-n- quA, (3) 1799 (R) 040 $aSeMil$bita 245 10$aMetaphysicae pars 1. 300 $a123, [1] p. 500 $aSegn. : A-D12 E14. 773 0 $aMalvin de Montazet, Antoine : de <1713-1788>$tInstitutiones philosophicae auctoritate d.d. archiepiscopi Lugdunensis ad usum scholarum suae dioecesis editae. Tomus 1. [-6.].$dBassani : Apud Josephum Remondini et filios, 1799.$g2$w()28917 850 $aSeMil 852 $aSeMil$W1$xVenegono$y1$m2R I 40 FA$j174161$B174161$CSeMilBibl$Z2$F184339 $8I 941 1 $a10 961 $aRecupero: Mantegazza 996 $6245$aMetaphysicae pars 1$9(OLS)http://semarc/title/320909 LEADER 01067nam a2200205 i 4500 001 000000190903 003 CaOOAMICUS 005 20150818000000.0 008 150818s1764 it u000 u ita u 013 $a169377 026 $adiar e,il ern- soum (3) 1764 (R) 040 $aSeMil$bita 245 10$aTomo 1. 300 $a[12], 268 p. 500 $aSegn. : pg2 a4 A-2K4 2L2. 500 $aMarca editoriale: Putto su un globo regge con le mani le iniziali M e C. (Repertorio consultato: Marques d'impressors, Univ. di Barcellona). 773 0 $aBretteville, Étienne Dubois : de $tOrditure di panegirici dei Santi di tutto l'anno, colle sentenze della Scrittura e de' Padri partenenti a ciascun panegirico del sig. abate di Breteville. Recate nuovamente dal francese nell'italiano ... Tomo 1. [-2.].$dIn Napoli : Nella Stamperia di Vincenzo Manfredi. A spese di Andrea Migliaccio, 1764.$g1$w()32464 850 $aSeMil 852 $aSeMil$W1$xVenegono$y1$m3F IV 291 FA$j141517$B141517$CSeMilBibl$Z2$F153076 $8I 996 $6245$aTomo 1$9(OLS)http://semarc/title/46685